Export Ready — 

Manual de los derivados de la caña de azúcar

Bibliographic Details
Main Author:  Instituto Cubano de Investigación.
Format: Section = Libro
Language:Undetermined
Spanish
Published: México GEPLACEA 1988
Subjects:
LEADER 00575nam a2200205Ia 4500
008 241007s9999||||xx |||||||||||||| ||und||
040 |a BIBLIOTECA-RURC/ 664.1228 I59 
041 |a spa 
082 |a 664.1228 I59 
100 1 |a  Instituto Cubano de Investigación. 
245 1 0 |a Manual de los derivados de la caña de azúcar 
260 |a México  |b GEPLACEA  |c 1988 
300 |a 252 p. :il. 
650 7 |a DIVERSIFICACIÓN 
650 7 |b  MATERIA PRIMA 
650 7 |c  DERIVADOS DEL BAGAZO 
650 7 |d  DERIVADOS DE LAS MIELES 
942 |c BK  |2 ddc 
991 |a TEXTO 
999 |c 14572